Diplomatický rozhovor ako najvýznamnejší prejav ústnej komunikácie v diplomatickej praxi

Charakteristika diplomatického rozhovoru z hľadiska jeho funkcie, obsahu, typu a účastníkov. Štruktúrovaný a voľný rozhovor. Komunikačný zámer diplomatického rozhovoru.

Enregistré dans:
Détails bibliographiques
Auteur principal: Rusiňáková, Jarmila, 1959-
Format: Chapitre de livre
Langue:slovaque
Sujets:
Tags: Ajouter un tag
Pas de tags, Soyez le premier à ajouter un tag!

MARC

LEADER 00000nla a2200000 4500
001 0201746
005 20240502073411.1
041 0 |a slo 
044 |a SK 
245 1 0 |a Diplomatický rozhovor ako najvýznamnejší prejav ústnej komunikácie v diplomatickej praxi  |c Jarmila Rusiňáková 
520 |a Charakteristika diplomatického rozhovoru z hľadiska jeho funkcie, obsahu, typu a účastníkov. Štruktúrovaný a voľný rozhovor. Komunikačný zámer diplomatického rozhovoru. 
610 2 0 |a komunikácia verbálna 
610 2 0 |a diplomacia 
610 2 0 |a diplomati 
610 2 0 |a informácie 
610 2 0 |a zručnosti 
100 1 |a Rusiňáková, Jarmila, 1959-